5HLuxD.jpg

KING HENRY VIII SENIOR AND PRIMARY SCHOOL LIBRARY OPAC

I survived the sinking of the Titanic, 1912 / (Record no. 5203)

000 -LEADER
fixed length control field 01916cam a2200469 i 4500
001 - CONTROL NUMBER
control field 21078727
003 - CONTROL NUMBER IDENTIFIER
control field OSt
005 - DATE AND TIME OF LATEST TRANSACTION
control field 20250825132320.0
008 - FIXED-LENGTH DATA ELEMENTS--GENERAL INFORMATION
fixed length control field 190715s2020 nyua c 6b 000 0 eng
010 ## - LIBRARY OF CONGRESS CONTROL NUMBER
LC control number 2019946063
020 ## - INTERNATIONAL STANDARD BOOK NUMBER
International Standard Book Number 9781338120912
Qualifying information (paperback)
035 ## - SYSTEM CONTROL NUMBER
System control number 21078727
040 ## - CATALOGING SOURCE
Original cataloging agency DLC
Language of cataloging eng
Description conventions rda
Transcribing agency DLC
Modifying agency KH8
042 ## - AUTHENTICATION CODE
Authentication code pcc
043 ## - GEOGRAPHIC AREA CODE
Geographic area code n-us---
082 ## - DEWEY DECIMAL CLASSIFICATION NUMBER
Classification number FIC TAR
100 1# - MAIN ENTRY--PERSONAL NAME
Personal name Tarshis, Lauren,
Relator term author.
245 10 - TITLE STATEMENT
Title I survived the sinking of the Titanic, 1912 /
Statement of responsibility, etc. Lauren Tarshis.
250 ## - EDITION STATEMENT
Edition statement First edition.
264 #1 - PRODUCTION, PUBLICATION, DISTRIBUTION, MANUFACTURE, AND COPYRIGHT NOTICE
Place of production, publication, distribution, manufacture New York :
Name of producer, publisher, distributor, manufacturer Graphix, an imprint of Scholastic,
Date of production, publication, distribution, manufacture, or copyright notice 2020.
300 ## - PHYSICAL DESCRIPTION
Extent 148 pages :
Other physical details chiefly color illustrations ;
Dimensions 24 cm.
336 ## - CONTENT TYPE
Content type term text
Content type code txt
Source rdacontent
336 ## - CONTENT TYPE
Content type term still image
Source rdacontent
337 ## - MEDIA TYPE
Media type term unmediated
Media type code n
Source rdamedia
338 ## - CARRIER TYPE
Carrier type term volume
Carrier type code nc
Source rdacarrier
490 0# - SERIES STATEMENT
Series statement I survived graphic novels ;
Volume/sequential designation 1
500 ## - GENERAL NOTE
General note "The graphic novel"--Cover
500 ## - GENERAL NOTE
General note Based on the novel in the New York Times bestselling series by Lauren Tarshis.
504 ## - BIBLIOGRAPHY, ETC. NOTE
Bibliography, etc. note Includes bibliographical references.
520 ## - SUMMARY, ETC.
Summary, etc. "Ten-year-old George Calder can't wait to explore every inch of the Titanic, even if his little sister, Phoebe, has to tag along. But when George sneaks away without her and ventures into the first class baggage room, a terrible boom shakes the entire boat. Suddenly, water is everywhere, and George's life changes forever."--
Assigning source Provided by publisher.
521 ## - TARGET AUDIENCE NOTE
Target audience note Ages 8-12
Source Scholastic Inc.
521 ## - TARGET AUDIENCE NOTE
Target audience note Grades 4-6
Source Scholastic Inc.
610 21 - SUBJECT ADDED ENTRY--CORPORATE NAME
Corporate name or jurisdiction name as entry element Titanic (Steamship)
Form subdivision Fiction.
650 #1 - SUBJECT ADDED ENTRY--TOPICAL TERM
Topical term or geographic name entry element Graphic novels.
650 #1 - SUBJECT ADDED ENTRY--TOPICAL TERM
Topical term or geographic name entry element Ocean travel
Form subdivision Fiction.
650 #1 - SUBJECT ADDED ENTRY--TOPICAL TERM
Topical term or geographic name entry element Shipwrecks
Form subdivision Fiction.
655 #7 - INDEX TERM--GENRE/FORM
Genre/form data or focus term Historical comics.
Source of term lcgft
655 #7 - INDEX TERM--GENRE/FORM
Genre/form data or focus term Graphic novel adaptations.
Source of term lcgft
655 #7 - INDEX TERM--GENRE/FORM
Genre/form data or focus term Fiction.
Source of term lcgft
Authority record control number or standard number https://id.loc.gov/authorities/genreForms/gf2014026339
710 2# - ADDED ENTRY--CORPORATE NAME
Corporate name or jurisdiction name as entry element Haus Studio,
Relator term illustrator.
942 ## - ADDED ENTRY ELEMENTS (KOHA)
Source of classification or shelving scheme
Koha item type Graphic Novel
Holdings
Withdrawn status Lost status Source of classification or shelving scheme Damaged status Not for loan Collection code Permanent Location Current Location Shelving location Date acquired Total Checkouts Full call number Barcode Date last seen Date last checked out Price effective from Koha item type
          Fiction KH8 Senior School Library KH8 Senior School Library Graphic Novel 2025-08-25 1 FIC TAR 3KHSL000102328 2025-12-04 2025-12-03 2025-08-25 Graphic Novel

Powered By KH8 IT Dept